000 01010nam0a22002651 4500
001 v19\rc\1684197
005 20260406105439.0
035 _a(NLR Aleph) 005243919
090 _a5733568
_c5733568
100 _a20061002d1896 |||y0rusy50 ca
101 0 _arus
102 _aRU
105 _aa z |||||
200 1 _aБольной ребенок
_eУход за ним и подание первой помощи до прибытия врача
_fСост. женщина-врач М.М. Волкова
210 _aСанкт-Петербург
_cМ.М. Ледерле
_d1896
215 _aXII, 472 с.
_cил.
_d23
700 1 _4220
_8rus
_7ca
_aВолкова
_bМ. М.
_cврач
_f1855-1916
_gМария Михайловна
_3RU\NLR\AUTH\77101218
_984144
801 0 _aRU
_bNLR
_c20061002
_gpsbo
801 0 _aRU
_bRuMoRGB
_c20061002
_2psbo
801 1 _aRU
_bProSoft-M
_c20061002
_2rusmarc
801 2 _aRU
_bNLR
_c20110704
_2rusmarc
852 _aNLR
_j20.81.2.32
852 _aNLR
_j130/7736
942 _cBOOK
980 _aNB